Selections from the Bible: (Record no. 41308)

000 -LEADER
fixed length control field 00360nam a22001451a 4500
020 ## - INTERNATIONAL STANDARD BOOK NUMBER
ISBN 9788120714175
082 ## - DEWEY DECIMAL CLASSIFICATION NUMBER
Classification number 225
Item number OPG/S
100 ## - MAIN ENTRY--AUTHOR NAME
Personal name O P Ghai
245 ## - TITLE STATEMENT
Title Selections from the Bible:
Sub Title the new testament/
Statement of responsibility, etc by O P Ghai
260 ## - PUBLICATION, DISTRIBUTION, ETC. (IMPRINT)
Place of publication New Delhi:
Name of publisher Sterling,
Year of publication 1996.
300 ## - PHYSICAL DESCRIPTION
Number of Pages 103p.
650 ## - SUBJECT ADDED ENTRY--TOPICAL TERM
Topical Term Bible New Testament
650 ## - SUBJECT ADDED ENTRY--TOPICAL TERM
Topical Term Religion
942 ## - ADDED ENTRY ELEMENTS (KOHA)
Koha item type Book
Holdings
Withdrawn status Lost status Damaged status Not for loan Permanent Location Current Location Date acquired Cost, normal purchase price Full call number Accession Number Cost, replacement price Price effective from Koha item type
        Sree Sankaracharya University of Sanskrit Sree Sankaracharya University of Sanskrit 08.01.2015 50.00 225 OPG/S 032660 0.00 08.01.2015 Book